00623cam a22002173a 450000100060000000300060000600500170001200800410002904000150007004200070008505000070009210000260009924500500012526000290017550600300020451600200023465300470025470000330030183000290033485600420036324635PGUSA20140828083529.0080218s2008||||xxu|||||s|||||000 | eng d aPGUSAbeng adc 4aDA1 aHeath, Sidney,d1872-10aExeterh[electronic resource] /cSidney Heath bProject Gutenberg,c2008 aPublic domain in the USA. aElectronic text aExeter (England) -- Description and travel1 aHaslehust, E. W.,d1866-1949 0aProject Gutenbergv2463540uhttp://www.gutenberg.org/ebooks/24635